Kaunseling kerjaya : teori dan amalan

Bibliographic Details
Main Author: Muhd. Mansur Abdullah
Format: Book
Published: Petaling Jaya : Penerbit Fajar Bakti Sdn. Bhd. , 1989
Subjects:

MARC

LEADER 00000cam a2200000 7i4500
001 0000059953
005 20190226.0
008 160223
020 |a 9676508969 
090 0 0 |a 361.323   |b MUH 
100 0 |a Muhd. Mansur Abdullah 
245 1 0 |a Kaunseling kerjaya :   |b teori dan amalan   |c Muhd. Mansur Abdullah dan Siti Nordinar Mohd. Tamin 
260 |a Petaling Jaya :   |b Penerbit Fajar Bakti Sdn. Bhd. ,   |c 1989 
300 |a 198pg 
500 |a Includes index, bibliography 
650 0 |a Social services 
999 |a 0000158086   |b Book   |c Adult Collection   |e Cawangan Mersing 
999 |a 000139445   |b Book   |c Adult Collection   |e Cawangan Muar